000 00625nam a2200193Ia 4500
003 GCL
008 140319s9999 xx 000 0 ara d
040 _aGCL /
_cGCL
082 0 4 _aق
_b355.4
_bا م
100 1 _aاحمد عطيةالله
245 1 0 _aمصرف الميدان : صور من امجاد الجيش المصرى ومن محمد على الى عرابى /
_cاحمد عطيةالله
300 _a144 ص
490 _a
650 0 4 _aالتاريخ الحربى
650 0 4 _aالمعارك الحربية
650 0 4 _aالعمليات الحربية
650 0 4 _aمصر - الجيش
942 _2ddc
_cBK
999 _c45214
_d45214